<?xml version="1.0" encoding="UTF-8"?>
<collection xmlns="http://www.loc.gov/MARC21/slim">
 <record>
  <leader>01170nam a2200217 a 4500</leader>
  <controlfield tag="001">1/48693</controlfield>
  <controlfield tag="008">190506s1986    gr a          00010 gre  </controlfield>
  <datafield tag="035" ind1=" " ind2=" ">
   <subfield code="l">51691</subfield>
  </datafield>
  <datafield tag="040" ind1=" " ind2=" ">
   <subfield code="a">GR-PeUP</subfield>
  </datafield>
  <datafield tag="082" ind1="0" ind2="0">
   <subfield code="a">235.2 ΠΑΙ</subfield>
  </datafield>
  <datafield tag="100" ind1="0" ind2=" ">
   <subfield code="a">Παΐσιος,</subfield>
   <subfield code="c">Όσιος, Αγιορείτης Γέρων,</subfield>
   <subfield code="d">1924-1994.</subfield>
  </datafield>
  <datafield tag="245" ind1="1" ind2="2">
   <subfield code="a">Ο Άγιος Αρσένιος ο Καππαδόκης /</subfield>
   <subfield code="c">Μοναχού Παίσίου Αγιορείτου.</subfield>
  </datafield>
  <datafield tag="250" ind1=" " ind2=" ">
   <subfield code="a">13η έκδ.</subfield>
  </datafield>
  <datafield tag="260" ind1="0" ind2=" ">
   <subfield code="a">Σουρωτή Θεσσαλονίκης :</subfield>
   <subfield code="b">Ιερό Ησυχαστήριο Μοναζουσών Ευαγγελιστής Ιωάννης ο Θεολόγος,</subfield>
   <subfield code="c">[1986].</subfield>
  </datafield>
  <datafield tag="300" ind1=" " ind2=" ">
   <subfield code="a">131 σ. :</subfield>
   <subfield code="b">έγχρ. εικ., χάρτης ;</subfield>
   <subfield code="c">19 εκ.</subfield>
  </datafield>
  <datafield tag="500" ind1=" " ind2=" ">
   <subfield code="a">Περιέχει πίνακες κύριων ονομάτων και αγιογραφικών χωρίων.</subfield>
  </datafield>
  <datafield tag="600" ind1="0" ind2="4">
   <subfield code="a">Αρσένιος ο Καππαδόκης,</subfield>
   <subfield code="c">Όσιος</subfield>
   <subfield code="d">1840-1924.</subfield>
  </datafield>
  <datafield tag="650" ind1=" " ind2="4">
   <subfield code="a">Χριστιανοί άγιοι</subfield>
   <subfield code="x">Βιογραφία.</subfield>
  </datafield>
  <datafield tag="650" ind1=" " ind2="4">
   <subfield code="a">Christian saints.</subfield>
  </datafield>
  <datafield tag="650" ind1=" " ind2="4">
   <subfield code="a">Biography.</subfield>
  </datafield>
  <datafield tag="852" ind1=" " ind2=" ">
   <subfield code="a">INST</subfield>
   <subfield code="b">UNIPILB</subfield>
   <subfield code="c">MAIN</subfield>
   <subfield code="e">20190509</subfield>
   <subfield code="h">235.2 ΠΑΙ</subfield>
   <subfield code="p">00181177</subfield>
   <subfield code="q">00181177</subfield>
   <subfield code="t">LOAN</subfield>
   <subfield code="y">0</subfield>
   <subfield code="4">1</subfield>
  </datafield>
 </record>
</collection>
